000 00700nam a2200241 a 4500
008
020 _a0471452181 (hbk.)
049 _aMAIN
090 _aHF1411
_bSAL
100 1 _aSalvatore, Dominick.
245 1 0 _aInternational economics /
_cDominick Salvatore.
250 _a8th ed.
260 _aNew Jersey :
_bJohn Wiley,
_cc2004.
300 _axxxviii, 826 p. :
_bill. ;
_c24 cm.
504 _aIncludes bibliographical references.
500 _aIncludes index.
650 0 _aInternational economic relations.
907 _a.b1029451x
_b06-05-13
_c07-04-11
003
005 20230123125232.0
040 _cNUST
942 _cBOOKS
_kHF1411
_mSAL
999 _c138053
_d138053